000
00315nam a2200121Ia 4500
008
220204s9999 xx 000 0 und d
082
_a
338.45(540)
_b
AHU;1
100
_a
AHUJA, B N
245
0
_a
Small scale industries in India
260
_a
New Delhi
_b
Varma
_c
1977
650
_a
Small scale industries
942
_c
BK
999
_c
32296
_d
32296